Educational pesychology : the development of teaching skills

Bibliographic Details
Main Authors: Stone, David R. (Author), Nielsen, Elwin C. , 1931- (Author)
Format: Book
Published: New York : Harper & Row , 1982
Subjects:

MARC

LEADER 00000cam a2200000 7i4500
001 0000007275
005 20180424093000.0
008 021119n
020 |a 0060464488 
090 0 0 |a LB1051   |b .S727 
100 0 |a Stone, David R. ,   |e author 
245 0 0 |a Educational pesychology :   |b the development of teaching skills   |c David R. Stone, Elwin C. Nielsen 
260 2 |a New York :   |b Harper & Row ,   |c 1982 
300 |a 401 p. ; ;   |c 24 cm. 
504 |a Includes bibliography (p. 386) and index 
650 0 |a Educational psychology 
700 0 |a Nielsen, Elwin C. ,   |d 1931- ,   |e author 
999 |a 1000026555   |b Book   |c OPEN SHELF (30 DAYS)   |e Gong Badak Campus